000 00456nam a2200181Ia 4500
001 21350
005 20260306172912.0
008 260306t2016||||xx |||||||||||||| ||spa||
041 _aESP
082 _a344.528
_bM63
100 _aMir puig, Carlos
_eAUT
245 0 _aComentarios a los delitos contra la administración pública
260 _c2016
300 _a206 páginas :
_c25 cm.
650 _aGEN
654 _aCDE
942 _cLIB
_dJUS
_fJUS
_2ddc
_n
999 _c21350
_d21350